Money, media, and the grass roots : (Record no. 1590)

000 -LEADER
fixed length control field nam a22 a 4500
003 - CONTROL NUMBER IDENTIFIER
control field AKMAL
005 - DATE AND TIME OF LATEST TRANSACTION
control field 20170511100543.0
008 - FIXED-LENGTH DATA ELEMENTS--GENERAL INFORMATION
fixed length control field 170511s1987 -us 00 eng d
020 ## - INTERNATIONAL STANDARD BOOK NUMBER
International Standard Book Number 0803927940
020 ## - INTERNATIONAL STANDARD BOOK NUMBER
International Standard Book Number 0803927959 (pbk.)
040 ## - CATALOGING SOURCE
Original cataloging agency AKMAL
Transcribing agency AKMAL
082 04 - DEWEY DECIMAL CLASSIFICATION NUMBER
Classification number 324.9730 ZIS
090 ## - LOCALLY ASSIGNED LC-TYPE CALL NUMBER (OCLC); LOCAL CALL NUMBER (RLIN)
Classification number (OCLC) (R) ; Classification number, CALL (RLIN) (NR) 324.9730 ZIS
Local cutter number (OCLC) ; Book number/undivided call number, CALL (RLIN) ZIS
100 1# - MAIN ENTRY--PERSONAL NAME
Personal name Zisk, Betty H.,
Dates associated with a name 1930-
9 (RLIN) 3219
245 1# - TITLE STATEMENT
Title Money, media, and the grass roots :
Remainder of title state ballot issues and the electoral process /
Statement of responsibility, etc. Betty H. Zisk
260 ## - PUBLICATION, DISTRIBUTION, ETC.
Place of publication, distribution, etc. Newbury Park,Calif. :
Name of publisher, distributor, etc. Sage Publications,
Date of publication, distribution, etc. 1987
300 ## - PHYSICAL DESCRIPTION
Extent 279p. ;
Dimensions 22cm
440 ## - SERIES STATEMENT/ADDED ENTRY--TITLE
Title Sage library of social research ;
Volume/sequential designation v.164
9 (RLIN) 3220
504 ## - BIBLIOGRAPHY, ETC. NOTE
Bibliography, etc. note Bibliography: p. 270-274.
650 ## - SUBJECT ADDED ENTRY--TOPICAL TERM
Topical term or geographic name entry element Elections
General subdivision States
-- Case Studies
Geographic subdivision United States
9 (RLIN) 3221
650 ## - SUBJECT ADDED ENTRY--TOPICAL TERM
Topical term or geographic name entry element Voting
Geographic subdivision United States
-- States
-- Case studies
9 (RLIN) 3222
650 ## - SUBJECT ADDED ENTRY--TOPICAL TERM
Topical term or geographic name entry element Referendum
General subdivision States
-- Case Studies
Geographic subdivision United states
9 (RLIN) 3223
650 ## - SUBJECT ADDED ENTRY--TOPICAL TERM
Topical term or geographic name entry element Electioneering
General subdivision States
-- Case studies
Geographic subdivision United states
9 (RLIN) 3224
650 ## - SUBJECT ADDED ENTRY--TOPICAL TERM
Topical term or geographic name entry element Campaign funds
General subdivision States
-- Case studies
Geographic subdivision United States
9 (RLIN) 3225
942 ## - ADDED ENTRY ELEMENTS (KOHA)
Source of classification or shelving scheme
Koha item type Book
Holdings
Withdrawn status Lost status Source of classification or shelving scheme Damaged status Not for loan Collection code Home library Current library Shelving location Date acquired Inventory number Total Checkouts Full call number Barcode Date last seen Price effective from Koha item type
          NON-FICTION AKMAL Melaka AKMAL Melaka PINJAMAN 11.05.2017 302083   324.9730 ZIS 201703015 11.05.2017 11.05.2017 Book
Pusat Sumber Maklumat Dato' Haji Sarmin Md Hussin, Akademi Kastam Diraja Malaysia, Melaka
Tel: 06-2331106 | Faks: 06-2313787